[Event "3rd Sharjah Masters 2019"]
[Site "Sharjah UAE"]
[Date "2019.03.27"]
[Round "6.15"]
[White "Iturrizaga Bonelli, Eduardo"]
[Black "Aditya, Mittal"]
[Result "0-1"]
[WhiteTitle "GM"]
[BlackTitle "CM"]
[WhiteElo "2639"]
[BlackElo "2454"]
[WhiteFideId "3901211"]
[BlackFideId "35042025"]
[EventDate "2019.03.22"]

1. c4 Nf6 2. Nc3 e5 3. Nf3 Nc6 4. Qc2 g6 5. e3 Bg7 6. a3 d6 7. b4 Bf5 8. d3 e4
9. Nd2 d5 10. dxe4 Nxe4 11. Ndxe4 Bxe4 12. Nxe4 Bxa1 13. cxd5 Qxd5 14. Bc4 Qf5
15. Bd3 O-O 16. Nc5 Qc8 17. h4 Qg4 18. Be4 Rfe8 19. h5 Rad8 20. O-O Qh4 21. hxg6
hxg6 22. Bxg6 fxg6 23. Qa2+ Kh7 24. Qxa1 Ne5 25. Qa2 Rf8 26. f3 Ng4 27. g3 Qxg3+
28. Qg2 Rxf3 29. Rxf3 Rd1+ 0-1

[Event "3rd Sharjah Masters 2019"]
[Site "Sharjah UAE"]
[Date "2019.03.27"]
[Round "6.16"]
[White "Mendonca, Leon Luke"]
[Black "Ganguly, Surya Shekhar"]
[Result "1/2-1/2"]
[WhiteTitle "CM"]
[BlackTitle "GM"]
[WhiteElo "2446"]
[BlackElo "2633"]
[WhiteFideId "35028561"]
[BlackFideId "5002150"]
[EventDate "2019.03.22"]

1. d4 Nf6 2. c4 g6 3. Nc3 Bg7 4. e4 d6 5. h3 O-O 6. Be3 c6 7. Nf3 Na6 8. Be2 e5
9. d5 Nh5 10. Nd2 Nf4 11. Bf1 f5 12. g3 Nxd5 13. cxd5 f4 14. Bxa6 fxe3 15. fxe3
bxa6 16. dxc6 Be6 17. Nd5 Bxd5 18. exd5 Qg5 19. Ke2 e4 20. Qc2 Kh8 21. Raf1 Qxd5
22. Rxf8+ Rxf8 23. c7 Rc8 24. Rc1 Qb5+ 25. Qc4 Bxb2 26. Qxb5 axb5 27. Rb1 Be5
28. Rxb5 Rxc7 29. Nxe4 Rc2+ 30. Kf3 Rxa2 31. Ng5 Rb2 32. Ra5 Rb7 33. g4 Kg7 34.
Ke4 Re7 35. Kd5 Bc3 36. Ne6+ Kf6 37. Ra3 Bb4 38. g5+ Kf7 39. Ra4 Rxe6 40. Rxb4
a5 41. Ra4 Ke7 42. Rh4 Re5+ 43. Kd4 Rxg5 44. Rxh7+ Ke6 45. Ra7 Rb5 46. e4 g5 47.
Ke3 Rb3+ 48. Kd4 Rb4+ 49. Kd3 Ra4 50. Rg7 Kf6 51. Rd7 Ke5 52. Re7+ Kf4 53. Rf7+
Kg3 54. Rg7 Kf4 55. Rf7+ Ke5 56. Re7+ Kf6 57. Rd7 Ke6 58. Rg7 Ra3+ 59. Kd4 Rxh3
60. Rxg5 a4 61. Ra5 a3 62. Ra7 Rg3 63. Ra6 Kd7 64. e5 dxe5+ 65. Kxe5 Kc7 66. Kd4
Kb7 67. Ra5 Kb6 68. Ra8 Kb5 69. Rb8+ 1/2-1/2

[Event "3rd Sharjah Masters 2019"]
[Site "Sharjah UAE"]
[Date "2019.03.27"]
[Round "6.17"]
[White "Pichot, Alan"]
[Black "Raghunandan, Kaumandur Srihari"]
[Result "1-0"]
[WhiteTitle "GM"]
[BlackTitle "IM"]
[WhiteElo "2584"]
[BlackElo "2352"]
[WhiteFideId "110973"]
[BlackFideId "25004964"]
[EventDate "2019.03.22"]

1. d4 Nf6 2. Nf3 d5 3. c4 e6 4. g3 Bb4+ 5. Nbd2 dxc4 6. Bg2 O-O 7. O-O b5 8. a4
c6 9. b3 c3 10. Nb1 Bb7 11. Qc2 c5 12. Nxc3 cxd4 13. Nxb5 Be4 14. Qc4 Nc6 15.
Nfxd4 Nxd4 16. Bxe4 Nxe4 17. Nxd4 Bc3 18. Nc6 Qd7 19. Ra2 Rfc8 20. Qxe4 Qxc6 21.
Qxc6 Rxc6 22. Rc2 Rac8 23. Be3 R6c7 24. Rfc1 1-0

[Event "3rd Sharjah Masters 2019"]
[Site "Sharjah UAE"]
[Date "2019.03.27"]
[Round "6.18"]
[White "Asgarizadeh, Ahmad"]
[Black "Chanda, Sandipan"]
[Result "1/2-1/2"]
[WhiteTitle "IM"]
[BlackTitle "GM"]
[WhiteElo "2434"]
[BlackElo "2534"]
[WhiteFideId "12505684"]
[BlackFideId "5004225"]
[EventDate "2019.03.22"]

1. e4 c5 2. Nf3 d6 3. d4 cxd4 4. Nxd4 Nf6 5. Nc3 a6 6. Be2 e6 7. Be3 Be7 8. f4
O-O 9. g4 d5 10. e5 Nfd7 11. h4 Nc6 12. g5 Qb6 13. Nxc6 Qxc6 14. Bd3 Nc5 15.
Bxc5 Qxc5 16. Qf3 Bd7 17. O-O-O Bb5 18. f5 Bxd3 19. Rxd3 Rfc8 20. Qd1 Qb4 21.
Kb1 Qf4 22. f6 Bf8 23. Qe1 Bb4 1/2-1/2

[Event "3rd Sharjah Masters 2019"]
[Site "Sharjah UAE"]
[Date "2019.03.27"]
[Round "6.19"]
[White "Vishnu Prasanna, V"]
[Black "Zou, Chen"]
[Result "1-0"]
[WhiteTitle "GM"]
[BlackTitle "FM"]
[WhiteElo "2524"]
[BlackElo "2397"]
[WhiteFideId "5030692"]
[BlackFideId "8610959"]
[EventDate "2019.03.22"]

1. e4 c5 2. d3 Nc6 3. f4 g6 4. Nf3 Bg7 5. Be2 d5 6. O-O Nh6 7. c3 d4 8. h3 f5 9.
e5 Nf7 10. cxd4 Nxd4 11. Nxd4 Qxd4+ 12. Kh1 g5 13. fxg5 Bxe5 14. Nd2 Bc7 15. Bh5
Qxd3 16. Bxf7+ Kxf7 17. Qh5+ Kf8 18. Re1 Bg3 19. Nf3 Bxe1 20. g6 f4 21. g7+ Kxg7
22. Bxf4 Qg6 23. Qxc5 Rf8 24. Qd4+ e5 25. Bxe5+ Kg8 26. Rxe1 Be6 27. Re3 Rad8
28. Qc3 Rc8 29. Qe1 Bxa2 30. Nd2 Rf5 31. b3 Rc2 32. Bc3 Bxb3 33. Rg3 Rxc3 34.
Rxg6+ hxg6 35. Nxb3 Rd3 36. Nc5 Rd6 37. Qe8+ Rf8 38. Qe7 Rdf6 39. Nd7 Rf1+ 40.
Kh2 R8f7 41. Qe6 Kh7 42. Ne5 Rg7 43. Ng4 Rgf7 44. Qe3 R1f4 45. Qxa7 b5 46. Qc5
R4f5 47. Qb6 Kg7 48. Qe3 Rh5 49. Qd4+ Kf8 50. Ne5 Rxe5 51. Qxe5 Rf5 52. Qc7 Kg8
53. g4 Rf6 54. Qb8+ Kg7 55. Kg3 g5 56. Qxb5 Kg6 57. h4 gxh4+ 58. Kxh4 Rf7 59.
Qc6+ Kh7 60. Kh5 Kg8 61. Qe8+ Rf8 62. Qe6+ Kh8 63. Kg6 Rg8+ 64. Qxg8+ Kxg8 65.
g5 1-0

[Event "3rd Sharjah Masters 2019"]
[Site "Sharjah UAE"]
[Date "2019.03.27"]
[Round "6.20"]
[White "Sukandar, Irine Kharisma"]
[Black "Kuybokarov, Temur"]
[Result "1/2-1/2"]
[WhiteTitle "IM"]
[BlackTitle "GM"]
[WhiteElo "2381"]
[BlackElo "2519"]
[WhiteFideId "7101937"]
[BlackFideId "14203049"]
[EventDate "2019.03.22"]

1. e4 g6 2. d4 d6 3. Nc3 Bg7 4. f4 Nf6 5. Nf3 O-O 6. e5 dxe5 7. dxe5 Qxd1+ 8.
Nxd1 Nfd7 9. Bc4 Nb6 10. Bb3 Na6 11. Be3 c5 12. Nd2 Bd7 13. Nc3 Bc6 14. O-O e6
15. Rae1 Nd5 16. Nxd5 exd5 17. c3 b6 18. Bf2 Rae8 19. Bh4 Nc7 20. Bc2 d4 21.
cxd4 cxd4 22. Bb3 Bd5 23. Ne4 Bxb3 24. axb3 Nd5 25. Nd6 Re6 26. Nb5 d3 27. Rf3
a5 28. Rd1 Bh6 29. Bg3 Nb4 30. Be1 f6 31. Bxb4 axb4 32. Nd4 Re7 33. e6 f5 34.
Rdxd3 Rc8 35. Kf2 Rc1 36. Ne2 Rc2 37. Rd6 b5 38. g3 Re8 39. Rfd3 Bf8 40. Ra6
Rxb2 41. Rc6 Kg7 42. h3 Kf6 43. Re3 Be7 44. g4 h6 45. Rd3 Bf8 46. Re3 Be7 47.
Rd3 Bf8 48. Re3 1/2-1/2

[Event "3rd Sharjah Masters 2019"]
[Site "Sharjah UAE"]
[Date "2019.03.27"]
[Round "6.22"]
[White "Shailesh, Dravid"]
[Black "Megaranto, Susanto"]
[Result "0-1"]
[WhiteTitle "FM"]
[BlackTitle "GM"]
[WhiteElo "2316"]
[BlackElo "2526"]
[WhiteFideId "25017969"]
[BlackFideId "7101384"]
[EventDate "2019.03.22"]

1. e4 d5 2. exd5 Qxd5 3. Nc3 Qa5 4. d4 c6 5. Nf3 Bf5 6. Bc4 e6 7. Qe2 Bb4 8. Bd2
Nf6 9. O-O Nbd7 10. a3 Bxc3 11. Bxc3 Qc7 12. Ne5 O-O 13. Rad1 Rad8 14. Bb3 Nxe5
15. dxe5 Nd5 16. Bd2 h6 17. Bc1 Ne7 18. Bf4 Bh7 19. g4 c5 20. c3 a6 21. Rxd8
Rxd8 22. Rd1 Bg6 23. h4 Rxd1+ 24. Qxd1 Qb6 25. Kg2 h5 26. gxh5 Bxh5 27. f3 Nf5
28. Kh3 Bxf3 29. Qxf3 Qxb3 30. Qg2 b5 31. h5 Qd1 0-1

[Event "3rd Sharjah Masters 2019"]
[Site "Sharjah UAE"]
[Date "2019.03.27"]
[Round "6.23"]
[White "Bharath, Subramaniyam H"]
[Black "Stany, G.A."]
[Result "1/2-1/2"]
[WhiteTitle "CM"]
[BlackTitle "GM"]
[WhiteElo "2301"]
[BlackElo "2507"]
[WhiteFideId "46634827"]
[BlackFideId "5029104"]
[EventDate "2019.03.22"]

1. e4 g6 2. d4 Bg7 3. Nc3 c6 4. h3 d6 5. Nf3 Nd7 6. Be3 Qc7 7. Qd2 b5 8. Bd3 Rb8
9. O-O b4 10. Ne2 c5 11. c3 Ngf6 12. Rac1 b3 13. axb3 Rxb3 14. Bc4 Rb6 15. Ng3
O-O 16. Rfe1 e6 17. e5 dxe5 18. dxe5 Nd5 19. Bxd5 exd5 20. Bh6 Bxh6 21. Qxh6 f6
22. Qd2 Bb7 23. exf6 Nxf6 24. Ne5 Ne4 25. Nxe4 dxe4 26. Ng4 h5 27. Ne3 Rd6 28.
Qc2 Qf7 1/2-1/2

[Event "3rd Sharjah Masters 2019"]
[Site "Sharjah UAE"]
[Date "2019.03.27"]
[Round "6.24"]
[White "Priyanka, Nutakki"]
[Black "Karthik, Venkataraman"]
[Result "1-0"]
[WhiteTitle "WIM"]
[BlackTitle "GM"]
[WhiteElo "2297"]
[BlackElo "2494"]
[WhiteFideId "25049615"]
[BlackFideId "25006479"]
[EventDate "2019.03.22"]

1. c4 c5 2. Nc3 Nc6 3. Nf3 g6 4. e3 Nf6 5. d4 cxd4 6. exd4 d5 7. cxd5 Nxd5 8.
Qb3 e6 9. Bb5 Bg7 10. O-O O-O 11. Bxc6 bxc6 12. Na4 Nb6 13. Nc5 Qd5 14. Qc3 f6
15. Be3 Qh5 16. Qb3 Nd5 17. Qa4 Ne7 18. Bf4 Qd5 19. Rac1 g5 20. Bc7 g4 21. Ne1
Nf5 22. Nc2 a5 23. Ne3 Nxe3 24. fxe3 Bh6 25. Rc3 f5 26. Be5 Ba6 27. Rf2 Bb5 28.
Qd1 Rad8 29. Bc7 Rc8 30. e4 fxe4 31. Qxg4+ Qg5 32. Qxe6+ Kh8 33. Be5+ Bg7 34.
Nxe4 Qh5 35. Rcf3 1-0

[Event "3rd Sharjah Masters 2019"]
[Site "Sharjah UAE"]
[Date "2019.03.27"]
[Round "6.25"]
[White "Ranaldi, Lucas"]
[Black "Iniyan, P"]
[Result "1/2-1/2"]
[WhiteTitle "FM"]
[BlackTitle "IM"]
[WhiteElo "2279"]
[BlackElo "2487"]
[WhiteFideId "1519484"]
[BlackFideId "25002767"]
[EventDate "2019.03.22"]

1. d4 Nf6 2. c4 g6 3. g3 Bg7 4. Bg2 O-O 5. Nc3 d6 6. Nf3 Nbd7 7. O-O e5 8. b3
Re8 9. e4 exd4 10. Nxd4 Nc5 11. f3 Nfd7 12. Be3 Ne5 13. Qd2 Bd7 14. Rad1 a5 15.
Ndb5 Ned3 16. a3 Ne5 17. Bxc5 dxc5 18. f4 Bxb5 19. Nxb5 c6 20. Nd6 Nf3+ 21. Bxf3
Bd4+ 22. Kg2 Qxd6 23. e5 Qe6 24. a4 Ra6 25. h4 Rb6 26. Qc2 Rb4 27. Rde1 b5 28.
axb5 a4 29. Bxc6 axb3 30. Qe4 Rxc4 31. Bxe8 Qxe8 32. f5 b2 33. e6 gxf5 34. Qxf5
f6 35. e7 Rb4 36. Qe6+ Kg7 37. Qc6 Kf7 38. Qe6+ Kg7 39. Re4 b1=Q 40. Rxb1 Rxb1
41. Qc6 Qg6 42. g4 Rb2+ 43. Kf3 Qf7 44. e8=Q Qb3+ 45. Re3 Qd1+ 46. Ke4 Qxg4+ 47.
Kd5 Qf5+ 48. Re5 Bxe5 49. Qcd7+ Qxd7+ 50. Qxd7+ Kh6 51. Kxc5 Rc2+ 52. Kb6 Rc4
53. h5 Rh4 54. Kc6 Rxh5 55. Qd2+ Kg7 56. b6 Rh2 57. Qd7+ Kh6 58. b7 Rb2 59. Qh3+
Kg7 60. Qg4+ Kf7 61. Qh5+ Kg7 62. Qg4+ Kh6 63. Qd1 Kg7 64. Qg1+ Kf7 65. Qc1 Rb4
66. Qa3 Rc4+ 67. Kb5 Re4 68. Qa7 Kg6 69. b8=Q Bxb8 70. Qxb8 Re5+ 71. Kc4 Kg7 72.
Kd4 Rg5 73. Ke4 Re5+ 74. Kf4 Rg5 75. Qc7+ Kg6 76. Qc8 Kg7 77. Qd7+ Kg6 78. Qe8+
Kg7 79. Qe7+ Kg6 80. Qf8 Rf5+ 81. Ke4 Re5+ 82. Kd4 Rg5 83. Qg8+ Kh6 84. Qf7 Rf5
85. Ke4 Re5+ 86. Kf4 Rf5+ 87. Kg4 Rg5+ 88. Kh4 Rf5 89. Qf8+ Kg6 90. Qg8+ Kh6 91.
Qe8 Rg5 92. Qf8+ Kg6 93. Qg8+ Kh6 94. Qf7 Rf5 95. Qe8 Rg5 96. Qf8+ Kg6 97. Qg8+
Kh6 98. Qf7 1/2-1/2

[Event "3rd Sharjah Masters 2019"]
[Site "Sharjah UAE"]
[Date "2019.03.27"]
[Round "6.26"]
[White "Mullick, Raahil"]
[Black "Nigmatov, Ortik"]
[Result "0-1"]
[WhiteTitle "CM"]
[BlackTitle "IM"]
[WhiteElo "2275"]
[BlackElo "2478"]
[WhiteFideId "35080350"]
[BlackFideId "14202131"]
[EventDate "2019.03.22"]

1. e4 c5 2. Nf3 d6 3. d4 cxd4 4. Nxd4 Nf6 5. Nc3 a6 6. Be3 e5 7. Nb3 Be6 8. f3
h5 9. Nd5 Bxd5 10. exd5 Nbd7 11. Qd2 g6 12. Be2 Bg7 13. Na5 Qc7 14. c4 e4 15. f4
Ng4 16. Bxg4 hxg4 17. O-O Nc5 18. f5 gxf5 19. Rxf5 Nd3 20. Rb1 Be5 21. g3 f6 22.
b4 Qh7 23. Rf2 Nxf2 24. Qxf2 f5 25. c5 f4 26. gxf4 g3 27. Qc2 g2 28. Kf2 Bxf4 0-1

[Event "3rd Sharjah Masters 2019"]
[Site "Sharjah UAE"]
[Date "2019.03.27"]
[Round "6.27"]
[White "Darini, Pouria"]
[Black "Ajay, Karthikeyan"]
[Result "1-0"]
[WhiteTitle "GM"]
[WhiteElo "2474"]
[BlackElo "2298"]
[WhiteFideId "12502200"]
[BlackFideId "35011685"]
[EventDate "2019.03.22"]

1. e4 c5 2. Nf3 g6 3. Nc3 Bg7 4. Bc4 Nc6 5. O-O d6 6. d3 e6 7. Bf4 a6 8. a4 h6
9. Be3 Nge7 10. Bb3 O-O 11. Ne2 b6 12. d4 Bb7 13. c3 cxd4 14. cxd4 Na5 15. Bc2
Nc4 16. Bc1 f5 17. Nc3 Rc8 18. Qe2 Qd7 19. Bd3 fxe4 20. Nxe4 d5 21. Ng3 Nf5 22.
Rb1 g5 23. b3 g4 24. Ne5 Nxe5 25. dxe5 Nxg3 26. hxg3 h5 27. Ba3 Rfd8 28. f4 d4
29. f5 exf5 30. e6 Qe8 31. e7 Rd5 32. Qe6+ Kh8 33. Rxf5 Qg8 34. Qg6 Rxf5 35.
Bxf5 Rc6 36. Qxh5+ Rh6 37. e8=Q 1-0

[Event "3rd Sharjah Masters 2019"]
[Site "Sharjah UAE"]
[Date "2019.03.27"]
[Round "6.28"]
[White "Tokhirjonova, Gulrukhbegim"]
[Black "Praveen, Kumar C"]
[Result "1/2-1/2"]
[WhiteTitle "WGM"]
[BlackTitle "IM"]
[WhiteElo "2434"]
[BlackElo "2243"]
[WhiteFideId "14203626"]
[BlackFideId "5007372"]
[EventDate "2019.03.22"]

1. e4 c5 2. Nf3 d6 3. d4 cxd4 4. Nxd4 Nf6 5. Nc3 a6 6. Nb3 e5 7. Bg5 Be7 8. Bxf6
Bxf6 9. Bc4 O-O 10. Qd3 b5 11. Bd5 Ra7 12. O-O Nd7 13. a4 b4 14. Nd1 Nb6 15. Ne3
a5 16. Rfd1 Bd7 17. Nc4 Nxc4 18. Bxc4 Be7 19. Nd2 Rc7 20. Bd5 Qc8 21. Nc4 Qa6
22. b3 Qa7 23. Qg3 Kh8 24. Rd2 f5 25. Qe3 Qa6 26. exf5 Bxf5 27. Be4 Be6 28. Bd5
Bf5 29. Be4 Be6 30. Qb6 Qxb6 31. Nxb6 Rc5 32. Rad1 Rb8 33. Nd5 Bxd5 34. Rxd5
Rbc8 35. Kf1 g6 36. Ke2 Kg7 37. g3 Kf6 38. Rxc5 Rxc5 39. Rd5 Rxd5 40. Bxd5 Bd8
41. Kd3 Bb6 42. f3 Ke7 43. Kc4 Kf6 44. Kb5 Bd8 45. Kc6 Be7 46. Kd7 Bf8 47. h4 h5
48. Be4 g5 49. hxg5+ Kxg5 50. Ke8 d5 51. Bxd5 Bc5 52. Kd7 Bf2 53. f4+ exf4 54.
gxf4+ Kxf4 55. Kc6 Bh4 56. Bf7 Ke3 57. Bxh5 1/2-1/2

[Event "3rd Sharjah Masters 2019"]
[Site "Sharjah UAE"]
[Date "2019.03.27"]
[Round "6.29"]
[White "Divya, Deshmukh"]
[Black "Laxman, R.R."]
[Result "0-1"]
[WhiteTitle "WIM"]
[BlackTitle "GM"]
[WhiteElo "2266"]
[BlackElo "2425"]
[WhiteFideId "35006916"]
[BlackFideId "5005361"]
[EventDate "2019.03.22"]

1. e4 e5 2. Nf3 Nc6 3. Bb5 a6 4. Ba4 Nf6 5. O-O Be7 6. Re1 b5 7. Bb3 O-O 8. c3
d6 9. h3 a5 10. d4 a4 11. Bc2 Bd7 12. Be3 exd4 13. cxd4 Nb4 14. Nc3 Nxc2 15.
Qxc2 b4 16. Ne2 d5 17. e5 Ne4 18. Rac1 c6 19. Ng3 Nxg3 20. fxg3 Qb6 21. Rf1 b3
22. axb3 Qxb3 23. Qxb3 axb3 24. Ne1 Rfb8 25. Nd3 Ra2 26. Rc3 Rb5 27. Kh2 h5 28.
Rf2 Ra4 29. Nc1 Rab4 30. Rd3 Rb6 31. Bd2 R4b5 32. Rff3 Ba3 33. Nxb3 Bxb2 34. Nc5
Bc8 35. Be3 Rb4 36. Rd2 Bc1 37. Rd1 Bxe3 38. Rxe3 Bf5 39. Rf3 g6 40. Rf4 R6b5
41. Rc1 Rc4 42. Rxc4 dxc4 43. g4 hxg4 44. hxg4 Be6 45. Ne4 Kg7 46. g5 Rd5 47.
Nd6 c3 48. Rf3 c5 49. Ne8+ Kh8 50. Rf4 Rxd4 51. Rf1 c2 52. Kg3 Rd1 53. Rf4 Rh1 0-1

[Event "3rd Sharjah Masters 2019"]
[Site "Sharjah UAE"]
[Date "2019.03.27"]
[Round "6.30"]
[White "Raja, Rithvik R"]
[Black "Al Hosani, Omran"]
[Result "1/2-1/2"]
[WhiteTitle "IM"]
[BlackTitle "FM"]
[WhiteElo "2423"]
[BlackElo "2238"]
[WhiteFideId "35007394"]
[BlackFideId "9308733"]
[EventDate "2019.03.22"]

1. d4 Nf6 2. Bg5 Ne4 3. Bf4 c5 4. f3 Nf6 5. dxc5 Qa5+ 6. Qd2 Qxc5 7. e4 d6 8.
Nc3 g6 9. O-O-O Nbd7 10. Be3 Qa5 11. Kb1 a6 12. g4 b5 13. g5 b4 14. Nce2 Nh5 15.
Ng3 Nxg3 16. hxg3 Bg7 17. Ne2 Ne5 18. Nd4 Qc7 19. Qe2 Bd7 20. Bh3 Rc8 21. Bxd7+
Qxd7 22. f4 Nc4 23. Bc1 Qb7 24. Nb3 a5 25. Nd2 Nxd2+ 26. Rxd2 Rc5 27. Rhd1 O-O
28. Rd5 Rfc8 29. Rxc5 Rxc5 30. Rd5 1/2-1/2

[Event "3rd Sharjah Masters 2019"]
[Site "Sharjah UAE"]
[Date "2019.03.27"]
[Round "6.31"]
[White "Buksa, Nataliya"]
[Black "Jeet, Jain"]
[Result "0-1"]
[WhiteTitle "IM"]
[BlackTitle "FM"]
[WhiteElo "2416"]
[BlackElo "2219"]
[WhiteFideId "14123622"]
[BlackFideId "5073022"]
[EventDate "2019.03.22"]

1. e4 e5 2. Nf3 Nc6 3. Bb5 a6 4. Ba4 Nf6 5. O-O Be7 6. Re1 b5 7. Bb3 d6 8. c3
O-O 9. h3 Na5 10. Bc2 c5 11. d4 Qc7 12. d5 Bd7 13. b3 Rfb8 14. Qe2 c4 15. b4 Nb7
16. a4 a5 17. Na3 Nd8 18. axb5 Bxb5 19. Nxb5 Rxb5 20. Nd2 Rc8 21. Nxc4 Rbb8 22.
Bd3 axb4 23. cxb4 Rxb4 24. Na5 Nd7 25. Bd2 Rb2 26. Nc4 Rb3 27. Ba5 Qc5 28. Red1
Nb7 29. Bd2 Rxd3 30. Qxd3 Qxc4 31. Qxc4 Rxc4 32. Rdb1 Nbc5 33. Ra8+ Bf8 34. Be3
Ra4 35. Rd8 Ra7 36. f3 f6 37. h4 Kf7 38. Kh2 Be7 39. Rc8 Ra3 40. Bf2 Ra2 41. Kg1
g6 42. Rb5 f5 43. Rc7 Ra6 44. exf5 gxf5 45. h5 Nf6 46. Bxc5 dxc5 47. Rbxc5 Rd6
48. Ra5 Nxd5 49. Rb7 Ke6 50. Kf2 Nf4 51. g3 Nxh5 52. g4 Bh4+ 53. Kf1 fxg4 54.
fxg4 Nf4 55. Ra1 h6 56. Rh7 Bg5 57. Ra8 Rb6 58. Kf2 Rb2+ 59. Kf3 Rb3+ 60. Kf2
Bh4+ 61. Kg1 Rb1+ 62. Kh2 Rb2+ 63. Kg1 Bg5 64. Kf1 Kd5 65. Ra4 Bh4 66. Rd7+ Ke6
67. Rd1 Rf2+ 68. Kg1 Rg2+ 69. Kf1 Rxg4 70. Ra6+ Kf5 71. Rxh6 Bg5 72. Ra6 Rh4 73.
Kg1 Rh3 74. Ra5 Re3 75. Rd7 Ke4 76. Kf2 Bh4+ 77. Kg1 Kf3 78. Rd1 Bf2+ 79. Kh1 e4
80. Rf1 Ke2 0-1

[Event "3rd Sharjah Masters 2019"]
[Site "Sharjah UAE"]
[Date "2019.03.27"]
[Round "6.32"]
[White "Sundararajan, Kidambi"]
[Black "Abdurakhmonov, Mukhammadali"]
[Result "1-0"]
[WhiteTitle "GM"]
[WhiteElo "2413"]
[BlackElo "2205"]
[WhiteFideId "5005370"]
[BlackFideId "14207346"]
[EventDate "2019.03.22"]

1. d4 Nf6 2. c4 e6 3. Nc3 Bb4 4. e3 c5 5. Bd3 d5 6. cxd5 Nxd5 7. Bd2 cxd4 8.
exd4 Nc6 9. Nf3 Be7 10. O-O O-O 11. Qe2 Nf6 12. Ne4 Nxe4 13. Qxe4 f5 14. Qe2 Bf6
15. Bc4 Nxd4 16. Nxd4 Qxd4 17. Bb4 b5 18. Bxf8 bxc4 19. Bb4 Qd3 20. Rfe1 Rb8 21.
Bc3 Qxe2 22. Rxe2 Bxc3 23. bxc3 Rb6 24. Ree1 Kf7 25. Rab1 Ra6 26. Rb8 Bd7 27.
Rb7 Ke8 28. Rd1 Bc6 29. Rxg7 Rxa2 30. h4 1-0

[Event "3rd Sharjah Masters 2019"]
[Site "Sharjah UAE"]
[Date "2019.03.27"]
[Round "6.33"]
[White "Kunal, M."]
[Black "Akash, G"]
[Result "1-0"]
[BlackTitle "IM"]
[WhiteElo "2258"]
[BlackElo "2411"]
[WhiteFideId "5018250"]
[BlackFideId "5040299"]
[EventDate "2019.03.22"]

1. e4 c5 2. Nf3 d6 3. d4 cxd4 4. Nxd4 Nf6 5. Nc3 Nc6 6. Bg5 e6 7. Qd2 a6 8.
O-O-O Bd7 9. f4 Qc7 10. Be2 Be7 11. Nf3 O-O-O 12. Kb1 Kb8 13. e5 dxe5 14. fxe5
Nd5 15. Nxd5 exd5 16. Bxe7 Nxe7 17. Qg5 Be6 18. Nd4 Nc6 19. Rhe1 h6 20. Qxg7
Nxd4 21. Rxd4 Rhg8 22. Qxh6 Qxe5 23. Qh4 Qc7 24. Qf2 Qxh2 25. Bf3 Rd7 26. a3 Rc8
27. Ka1 Qc7 28. c3 Rd6 29. Qd2 Rcd8 30. Rd1 R6d7 31. Qg5 Ka7 32. Qe3 Kb8 33. Qg5
Ka7 34. R1d2 Kb8 35. Re2 Ka7 36. Re1 Kb8 37. Red1 Ka7 38. Rh1 Kb8 39. Qd2 Ka7
40. Rh5 Kb8 41. Bxd5 Bxd5 42. Rhxd5 Rxd5 43. Rxd5 Rh8 44. Qd4 Re8 45. Rd7 Qg3
46. Rxb7+ Kxb7 47. Qd7+ Kb6 48. Qxe8 Qxg2 49. Qxf7 Qe2 50. Qd5 Qc2 51. Ka2 Qe2
52. a4 Ka7 53. Qc5+ Kb7 54. a5 Qf1 55. c4 Qf6 56. Qb6+ Qxb6 57. axb6 Kxb6 58. b4
Kc6 59. Kb3 Kb6 60. Kc3 a5 61. b5 Kc5 62. Kb3 1-0

[Event "3rd Sharjah Masters 2019"]
[Site "Sharjah UAE"]
[Date "2019.03.27"]
[Round "6.40"]
[White "Blagojevic, Tijana"]
[Black "Arencibia Rodriguez, Walter"]
[Result "0-1"]
[WhiteTitle "WIM"]
[BlackTitle "GM"]
[WhiteElo "2206"]
[BlackElo "2506"]
[WhiteFideId "16500270"]
[BlackFideId "3500012"]
[EventDate "2019.03.22"]

1. e4 c5 2. Nf3 g6 3. d4 cxd4 4. Qxd4 Nf6 5. Nc3 Nc6 6. Qa4 d6 7. e5 dxe5 8.
Nxe5 Qd4 9. Nxc6 Qxa4 10. Nxa4 bxc6 11. Bd2 Ne4 12. Be3 Bg7 13. Be2 Rb8 14.
O-O-O O-O 15. b3 a5 16. Bf3 Rb4 17. c4 Rxa4 18. bxa4 Nc3 19. Rd2 Be6 20. Bd4
Bxd4 21. Rxd4 Rb8 22. Kd2 c5 23. Rd3 Nxa2 24. Bd5 Bf5 25. Ra3 Rb2+ 26. Ke3 Nb4
27. Be4 Bxe4 28. Kxe4 Rxf2 29. Rd1 f5+ 30. Ke5 Kf7 31. Rd7 Rxg2 32. Rc7 Rg4 33.
Re3 Rxc4 34. Rc8 Nc2 35. Rh3 h5 36. Kd5 Rxa4 37. Rxc5 Nb4+ 38. Ke5 Na6 39. Rc8
Re4+ 40. Kd5 Nb4+ 41. Kc5 Re2 42. Kb5 Nd5 43. Kxa5 e6 44. Rc4 Kf6 45. Kb5 Ne3 0-1

[Event "3rd Sharjah Masters 2019"]
[Site "Sharjah UAE"]
[Date "2019.03.27"]
[Round "6.42"]
[White "Lorparizangeneh, Shahin"]
[Black "Franco Valencia, Angela"]
[Result "1-0"]
[WhiteTitle "GM"]
[BlackTitle "WIM"]
[WhiteElo "2493"]
[BlackElo "2141"]
[WhiteFideId "12521604"]
[BlackFideId "4403070"]
[EventDate "2019.03.22"]

1. Nf3 f5 2. d3 Nc6 3. d4 d5 4. c4 e6 5. Nc3 Nf6 6. Bg5 Bb4 7. e3 h6 8. Bxf6
Qxf6 9. Qb3 a6 10. Be2 dxc4 11. Qxc4 Bd7 12. Ne5 Bxc3+ 13. Qxc3 Nxe5 14. dxe5
Qh4 15. Bf3 O-O 16. O-O Bb5 17. g3 Qa4 18. Rfd1 Rad8 19. Rxd8 1-0

[Event "3rd Sharjah Masters 2019"]
[Site "Sharjah UAE"]
[Date "2019.03.27"]
[Round "6.43"]
[White "Shyaamnikhil, P"]
[Black "Sultan, Ibrahim"]
[Result "1-0"]
[WhiteTitle "IM"]
[BlackTitle "IM"]
[WhiteElo "2429"]
[BlackElo "2121"]
[WhiteFideId "5024218"]
[BlackFideId "9301143"]
[EventDate "2019.03.22"]

1. Nf3 d5 2. g3 c6 3. Bg2 Nf6 4. O-O Bg4 5. d3 e6 6. Nbd2 Be7 7. h3 Bh5 8. e4
O-O 9. Qe1 Nbd7 10. Nh2 e5 11. Ndf3 dxe4 12. dxe4 Bg6 13. Nh4 Ne8 14. Nxg6 hxg6
15. h4 Nef6 16. Qe2 Qb6 17. Nf3 Rfe8 18. Ng5 Nh7 19. Nxh7 Kxh7 20. h5 gxh5 21.
Qxh5+ Kg8 22. Bf3 Bf6 23. Kg2 Kf8 24. Be3 Qc7 25. Bg4 b6 26. Qf5 Re6 27. Rh1 Ke7
28. a4 Rd6 29. a5 Re8 30. Qf3 Nc5 31. Bxc5 bxc5 32. Qc3 Red8 33. Qxc5 g6 34. Rh7
Kf8 35. Rah1 Kg8 36. Qe3 Bg7 37. Qg5 Re8 38. b4 Rd4 39. Qh4 Kf8 40. Rxg7 Kxg7
41. Qh6+ Kf6 42. Rh5 Rg8 43. Qg5+ Kg7 44. Qh6+ Kf6 45. Rf5+ Ke7 46. Qg5+ Kf8 47.
Rxe5 Rxb4 48. Qf6 Rb8 49. Re6 Qd8 50. Qf4 c5 51. Rf6 Rg7 52. Be6 Rb7 53. a6 Re7
54. Bd5 Qc7 55. Qh6 Kg8 56. Rc6 Qe5 57. Rxc5 Qb8 58. c4 g5 59. Qf6 Rc7 60. Rb5
Qc8 61. e5 Rh7 62. e6 Kf8 63. Rb7 1-0